Statistics for Soccer Teams In The Same City

Click here to take the quiz!

General Stats

  • This quiz has been taken 5,328 times
    (2,511 since last reset)
  • The average score is 37 of 74

Answer Stats

CountryCityTeams% Correct
EnglandManchesterManchester City
97%
EnglandManchesterManchester United
97%
EnglandLondonArsenal
96%
EnglandLiverpoolLiverpool
96%
EnglandLondonChelsea
94%
FranceParisParis Saint-Germain
93%
ItalyMilanAC Milan
92%
SpainMadridReal Madrid
92%
EnglandLondonTottenham Hotspur
91%
ItalyRomeAS Roma
90%
SpainBarcelonaBarcelona
90%
ItalyMilanInter Milan
90%
SpainMadridAtletico Madrid
87%
EnglandLiverpoolEverton
86%
SpainSevillaSevilla FC
85%
ItalyTurinJuventus
84%
SpainValenciaValencia CF
84%
EnglandBirminghamBirmingham City
83%
PortugalPortoFC Porto
83%
NetherlandsEindhoven PSV Eindhoven
78%
ItalyGenoaGenoa CFC
77%
GermanyHamburgHamburg SV
77%
PortugalLisbonSporting CP
76%
EnglandLondonWest Ham United
76%
PortugalLisbonBenfica
73%
EnglandBirminghamAston Villa
72%
ItalyRomeLazio
72%
TurkeyIstanbulGalatasaray
68%
ItalyTurinTorino
67%
GermanyBerlinUnion Berlin
64%
EnglandLondonCrystal Palace
63%
SpainBarcelonaEspanyol
63%
EnglandLondonFulham
62%
GermanyBerlinHertha Berlin
60%
FranceParisParis FC
60%
SpainSevillaReal Betis
52%
BelgiumBrugesClub Brugge
51%
NetherlandsRotterdam Feyenoord
51%
TurkeyIstanbulBeşiktaş
50%
RussiaMoscowCSKA Moscow
50%
RussiaMoscowSpartak Moscow
48%
TurkeyIstanbulFenerbahçe
47%
EnglandLondonBrentford
45%
RussiaKrasnodarFC Krasnodar
40%
RussiaMoscowLokomotiv Moscow
38%
EnglandLondonQueens Park Rangers
37%
BelgiumAntwerpRoyal Antwerp
36%
RussiaMoscowDynamo Moscow
33%
ItalyGenoaSampdoria
33%
EnglandLondonMillwall
31%
NetherlandsRotterdam Sparta Rotterdam
28%
SpainMadridRayo Vallecano
26%
TurkeyIstanbulİstanbul Başakşehir
24%
SpainValenciaLevante
21%
GermanyHamburgSt Pauli
21%
NetherlandsEindhoven FC Eindhoven
19%
BelgiumBrugesCercle Brugge
16%
PortugalPortoBoavista
15%
NetherlandsRotterdamExcelsior
9%
TurkeyIstanbulİstanbulspor
8%
RussiaKrasnodarKuban Krasnodar
8%
PortugalFunchalMarítimo
8%
RussiaMoscowTorpedo Moscow
8%
PortugalLisbonOs Belenenses
6%
PortugalFunchalNacional
5%
TurkeyIstanbulKasımpaşa
4%
BelgiumAntwerpBeerschot
3%
PortugalLisbonCasa Pia
3%
TurkeyIstanbulFatih Karagümrük
3%
TurkeyIstanbulEyüpspor
2%
TurkeyIstanbulÜmraniyespor
2%
RussiaMoscowRodina Moscow
1%
TurkeyIstanbulTuzlaspor
1%
RussiaMoscowVeles Moscow
1%

Score Distribution

Percentile by Number Answered

Percent of People with Each Score

Your Score History

You have not taken this quiz since the last reset